000 00326nam a22001457a 4500
008 210311b ||||| |||| 00| 0 eng d
020 _a9780205359141
041 _aeng
080 _212th
_a159.9
082 _212th
_a159.9
100 _a49
101 _aPSI
245 _aAbnormal Psychology
_cButcher,N.J
942 _2udc
_cBK
999 _c56385
_d56385